Biblioteca ESET

Siete muertes / (Registro nro. 1126)

Detalles MARC
000 -CABECERA
fixed length control field 01410aam a2200373 a 4500
003 - CONTROL NUMBER IDENTIFIER
control field AR-BeUNQ
005 - FECHA Y HORA DE LA ULTIMA TRANSACCION
control field 20241203195700.0
007 - CAMPO FIJO DE DESCRIPCION FIJA - INFORMACION GENERAL
fixed length control field ta
008 - ELEMENTOS DE LONGITUD FIJA-INFORMACION GENERAL
fixed length control field 241203s2016 ag jr 001 f spa
015 ## - NATIONAL BIBLIOGRAPHY NUMBER
National bibliography number AR-2016
020 ## - NUMERO INTERNACIONAL NORMALIZADO PARA LIBROS
Número Internacional Normalizado del libro 9789500118576
040 ## - FUENTE DE CATALOGACION
Agencia de catalogación original AR-BaBN
Idioma de catalogación ESPAÑOL
Agencia que realiza la transcripción AR-BaBN
Convenciones de la descripción aacr
Agencia que realiza la modificación AR-BeUNQ
044 ## - COUNTRY OF PUBLISHING/PRODUCING ENTITY CODE
MARC country code ag
ISO country code ar-b
082 04 - NUMERO DE CLASIFICACION DECIMAL DEWEYMBER
Número de clasificación Ar863
Número de la edición 21
100 1# - ASIENTO PRINCIPAL-NOMBRE PERSONAL
Nombre personal Dedé, María Laura,
Fecha asociada al nombre 1970-
245 10 - MENCION DE TITULO
Título Siete muertes /
Mención de responsabilidad, etc María Laura Dedé.
246 13 - FORMA VARIANTE DEL TITULO
Título propiamente dicho/forma breve del título 7 muertes
250 ## - MENCION DE EDICION
Mención de edición 1a ed.
260 ## - PUBLICACION, DISTRIBUCION, ETC.
Lugar de publicación, distribución, etc. San Isidro :
Nombre del editor, distribuidor, etc. Estrada,
Fecha de publicación, distribución, etc 2016.
300 ## - DESCRIPCION FISICA
Extensión 149 p. ;
Dimensiones 19 cm.
490 1# - MENCION DE SERIE
Mención de serie Azulejos. Serie Roja
Designación numérica/secuencial del volumen 66
500 ## - NOTA GENERAL
Nota general Ilustraciones de tapa y contratapa: Fernando Falcone.
520 3# - NOTA DE RESUMEN, ETC
Nota de resumen, etc. Wash y Vannia se reencuentran en Colonia del Sacramento, Uruguay. Juntos vuelven a involucrarse en sucesos muy extraños y peligrosas aventuras. Siete muertes los acechan y deberán estar atentos para no ser parte de un siniestro plan.
Assigning source (Descripción del editor).
650 #7 - ASIENTO SECUNDARIO DE MATERIA - TERMINO TEMATICO
Fuente del encabezamiento o términ Literatura (Arte)
Término temático o nombre geográfico como elemento de entrada spines
650 #7 - ASIENTO SECUNDARIO DE MATERIA - TERMINO TEMATICO
Fuente del encabezamiento o términ Literatura argentina
Término temático o nombre geográfico como elemento de entrada ttll
650 #7 - ASIENTO SECUNDARIO DE MATERIA - TERMINO TEMATICO
Fuente del encabezamiento o términ Literatura juvenil
Término temático o nombre geográfico como elemento de entrada ttll
655 #7 - TERMINO DE INDIZACION - GENERO/FORMA
Datos o término principal de género/forma Novelas
Fuente del encabezamiento o término de indización ttll
700 1# - ASIENTO SECUNDARIO - NOMBRE DE PERSONA
Personal name Falcone, Fernando,
Dates associated with a name 1977-
Relator term il.
Relationship ill
830 #0 - ASIENTO SECUNDARIO DE SERIE--TITULO UNIFORME
Título uniforme Azulejos (Estrada). Roja
Designación numérica/secuencial del volumen 66
929 ## - DATOS DE ADQUISICION
Procedencia COMPRA
Proveedor Ciencia y Técnica
Orden de compra Compra 2023 Exp. 827-2000/2023
Precio 6500
Fecha de recibido 20240116
Patrimonio UNQ PAT0081290
Es copia 1
Número de inventario 62637
942 ## - ELEMENTOS DE PUNTO DE ACCESO ADICIONAL (KOHA)
Tipo de ítem Koha Libros
Existencias
Estado de retiro Estado de pérdida Ubicación permanente Ubicación actual Ubicación en estantería Fecha de ingreso Total Checkouts Signatura topográfica completa Inventario Date last seen Número de copia Tipo de ítem Koha
    Biblioteca ESET - UNQ Biblioteca ESET - UNQ CIRCULACION 03/12/2024   Ar 863 DED 62637 03/12/2024 1 Libros

ESET UNQ

☏ 4365-7188
 Avenida República de Francia 1714 entre Doctor Kenny y Concordia, Ezpeleta, Bs As.
✉ secretaria_eset@unq.edu.ar

Con tecnología Koha